Trinásta komnata

Podrobná bibliografia
Hlavný autor: Spustová Izakovičová, Gabriela, 1967- (Autor)
Médium: Kniha
Jazyk:slovenčina
Fyzický popis:174 strán 17 cm
Vydavateľské údaje: Suchá nad Parnou RUAH 2017
ISBN:9788089604357
Vydanie:2. tlačené vydanie
Predmet:

MARC

LEADER 00000cam a2200000 4500
001 vtls011739115
003 SK-MaSNL
005 20260301095113.0
008 200205s2017 xo gr 000 pdslo
015 |a SNBA2018/04 
020 |a 9788089604357  |q (brožované) 
035 |a urn:nbn:sk:snk-am00d8m8 
035 |a urn:nbn:sk:snk-am3htdg 
035 |a 32CE82E0-0FE7-47CE-BEDE-3D73097A6915 
040 |a SNK  |b slo  |c SNK  |e rda 
041 0 |a slo 
044 |a xo  |c SK 
072 7 |a 821.162.4-1  |x Slovenská poézia  |2 konspekt 
080 |a 821.162.4-1  |2 2011 
080 |a 82-14  |2 2011 
100 1 |a Spustová Izakovičová, Gabriela,  |d 1967-  |4 aut  |9 134878 
245 1 0 |a Trinásta komnata  |c Gabriela Spustová Izakovičová 
250 |a 2. tlačené vydanie 
264 1 |a Suchá nad Parnou  |b RUAH  |c 2017 
300 |a 174 strán  |c 17 cm 
336 |a text  |b txt  |2 rdacontent 
337 |a bez média  |b n  |2 rdamedia 
338 |a zväzok  |b nc  |2 rdacarrier 
500 |a Obsahuje biografické informácie o autorke na posledne strane ; edičná poznámka 
650 0 7 |a lyrická poézia  |2 SNKPH  |9 1282 
650 0 7 |a Lyric poetry  |2 SNKPHeng  |9 341436 
655 7 |a slovenská poézia  |2 SNKPH  |9 70444 
655 7 |a Slovak poetry  |2 SNKPHeng  |9 265010 
852 |a Štátna vedecká knižnica v Banskej Bystrici 
919 |a 978-80-89604-35-7 
958 |a LX 
999 |c 682192  |d 684122 
952 |a SNK  |b SNK  |y PREZ  |7 0  |p 17A1320346  |o snkSD 87009  |i snk2018/3756  |8 0  |0 0  |1 0  |4 0  |d 2018-02-09  |f 1  |l 0  |r 2026-02-23 20:01:03  |w 2026-02-23 
952 |a SNK  |b SNK  |y VYP  |7 0  |p 17A1320347  |o snkSD 87009 D1  |i snk2018/3757  |8 0  |0 0  |1 0  |4 0  |d 2018-02-09  |l 0  |r 2026-02-23 20:01:03  |w 2026-02-23